La nueva novelística: entrevistas con los nuevos escritores norteamericanos

Guardat en:
Dades bibliogràfiques
Autor principal: Bellamy, Joe David (Autor)
Format: Llibre
Idioma:espanyol
Publicat: Ciudad de México Asociados 1978
Matèries:
Etiquetes: Afegir etiqueta
Sense etiquetes, Sigues el primer a etiquetar aquest registre!

MARC

LEADER 00000nam a2200000 a 4500
001 UCQ4268
003 CL-VaPUC
008 980904e19780000MX |||||||||||||||||spa|d
082 0 4 |a 813.09  |b BEL  |2 21 
100 0 |a Bellamy, Joe David  |e author  |9 418514 
245 1 3 |a La nueva novelística: entrevistas con los nuevos escritores norteamericanos 
300 |a 173 p 
942 |c BK 
945 |d 19980904 00:00:00  |a crobeson 
260 |a Ciudad de México  |b Asociados  |c 1978 
650 7 |a NOVELA ESTADOUNIDENSE  |2 CL-VaPUC  |9 266286 
650 0 |a Literatura estadounidense  |9 317168 
650 0 |a Historia y crítica   |9 257407 
650 0 |a Entrevistas  |9 265537 
583 |a last modification  |c 19980904 00:00:00  |k Rodrigo Vera 
999 |c 274655  |d 274653 
952 |0 0  |1 0  |4 0  |6 813_090000000000000_BEL_1978  |7 0  |8 A  |9 310935  |a BIBEDU  |b BIBEDU  |d 2019-11-20  |i 1460307  |o 813.09 BEL 1978  |p 1460307  |r 2019-11-20  |w 2019-11-20  |y BK  |k LIT 
952 |0 0  |1 0  |4 0  |6 813_090000000000000_BEL_1978  |7 0  |8 A  |9 310936  |a BIBEDU  |b BIBEDU  |d 2019-11-20  |i 1460315  |o 813.09 BEL 1978  |p 1460315  |r 2019-11-20  |w 2019-11-20  |y BK  |k LIT